| 000 | 00338nam a2200121Ia 4500 | ||
|---|---|---|---|
| 008 | 221224s9999||||xx |||||||||||||| ||und|| | ||
| 082 | _a242 | ||
| 245 | 0 | _aC. A. Cutter's 3-Figure Author Table: Fully Revised Edition | |
| 250 | _a1st Edition | ||
| 260 |
_aJammu _bLight & Life Publishers Residency Road&c1974 |
||
| 300 | _a28 | ||
| 942 | _cVB | ||
| 999 |
_c38790 _d38790 |
||